By the Numbers #39 - Statistics

General Stats
  • This quiz has been taken 44 times
  • The average score is 11 of 20
Answer Stats
Hint Explanation Answer % Correct
102 + 102 102 = 10 * 10 = 100

100 + 100 = 200
200
94%
Number of days in October 31
91%
Number of U.S. states whose name begins with “X” 0
88%
DXX - X These are Roman numerals.

DXX is equivalent to 520 in Arabic numerals.

X is equivalent to 10 in Arabic numerals.

520 - 10 = 510

510
88%
Number of nickels equivalent to US$ 100 A nickel is equivalent to 5 cents.

100 cents are equivalent to a dollar.

So, there are 20 nickels in a dollar (5 cents * 20 = 100 cents = 1 dollar)

(100 * 20 nickels) = 2000 nickels
2000
85%
Number of sides a heptadecagon has 17
71%
270105 - 1 (270 + 105) - 1

(270 + 2) - 1

272 - 1

271
271
68%
Two gross minus a dozen 1 gross = 144
1 dozen = 12

(144 * 2) - 12

288 - 12

276
276
68%
Number of wheels in the name of a type of U.S. big rig (UK: articulated lorry; Canada: transport truck) 18
65%
Number of sovereign states with an English language name that starts with “J” Jamaica, Japan, Jordan 3
56%
Number of national capitals (of any type) with an English language name that starts with “I” Islamabad, Pakistan 1
50%
In the KJV, the number of the commandment “Thou shalt not commit adultery” 7
50%
August date of the feast of the Assumption of Mary in the Roman Catholic liturgical calendar 15
41%
Number of ancient elements, before aether was added Earth, air, fire, water 4
41%
Number of faces of January in the title of the 2014 film starring Viggo Mortensen and Kirsten Dunst Amini, Hossein (dir.). The Two Faces of January. (2014). Studio Canal; Working Title Films. Starring Viggo Mortensen and Kirsten Dunst. 2
35%
Riverside Drive address of Doc Brown in Back to the Future 1640
32%
Number of the amendment to the U.S. Constitution that addresses vacancies in the offices of President and Vice President 25
26%
Number of U.S. insular territories that are populated and have capitals American Samoa, Guam, Northern Mariana Islands, Puerto Rico, U.S. Virgin Islands 5
26%
Number of insular areas administered by the U.S. that have no permanent civilian settlements, i.e., those that are uninhabited or whose settlements consist solely of military personnel, government employees, and/or government contractors Pacific Ocean: Baker Island, Howland Island, Jarvis Island, Johnston Atoll, Kingman Reef, Midway Atoll, Palmyra Atoll, Wake Island

Caribbean Sea: Navassa Island
9
21%
10th Street NW address of Ford’s Theatre in Washington, D.C. 511
18%
No matching quizzes found
Score Distribution
Percent of People with Each Score
Percentile by Number Answered
Your Score History
You have not taken this quiz